000 01072nac a22002651u 4500
010 _a 2001007580
020 _a1859735827 (cloth)
020 _a1859735878 (paper)
082 0 0 _a391
_bFAS
090 _c8887
_d8887
100 _a20080729
245 0 0 _aFashioning the body politic :
_bdress, gender, citizenship /
_cedited by Wendy Parkins.
260 _aOxford ;
_aNew York :
_bBerg,2002
_c2002.
300 _axi, 260 p. :
_bill. ;
_c23 cm.
500 _aditributer: Scientific home bookshop
504 _aIncludes bibliographical references (p. 227-251) and index.
511 _acatalogued by: wessam
650 0 _aClothing and dress
_xPolitical aspects.
650 0 _aClothing and dress
_xSymbolic aspects.
650 0 _aBody, Human
_xPolitical aspects.
700 1 _aParkins, Wendy.
856 4 2 _3Publisher description
_uhttp://www.loc.gov/catdir/enhancements/fy0612/2001007580-d.html
942 _cBB
_k391FAS
999 _c8887
_d8887